000 00485nam a2200157 i 4500
001 66087
003 ES-MaACL
005 20230906165536.0
007 t|
008 040127s1963 sp ||||1| hun d
100 1 _aGabor, Bornemisza.
_953144
245 1 0 _aBepillantás a magyar múltba és jövendöbe
_b: (Történelem-politikai revue 4'részben) /
_cBornemisza Gabor.
260 _aMadrid :
_b[Aldus],
_c1963.
300 _a241 p. ;
_c21 cm.
852 _aES-MaACL
_jC-25431
_bR.52190
999 _c66087
_d66087